Linear circuits analysis
1. Elementary concepts, 2. Analogies, 3. Circuit equations and properties of solutions, 4. Laplace transform solutions,...
Salvato in:
| Autore principale: | |
|---|---|
| Natura: | Libro |
| Lingua: | Undetermined |
| Pubblicazione: |
Englewood Cliffs, N.J.
Prentice-Hall
1963
|
| Soggetti: | |
| Tags: |
Aggiungi Tag
Nessun Tag, puoi essere il primo ad aggiungerne! !
|
| Thư viện lưu trữ: | Trung tâm Học liệu Trường Đại học Cần Thơ |
|---|
| LEADER | 00690nam a2200193Ia 4500 | ||
|---|---|---|---|
| 001 | CTU_14123 | ||
| 008 | 210402s9999 xx 000 0 und d | ||
| 082 | |a 621.31921 | ||
| 082 | |b P277 | ||
| 100 | |a Paskusz, Gerhard F. | ||
| 245 | 0 | |a Linear circuits analysis | |
| 245 | 0 | |c Gerhard F. Paskusz, Bertiam Bussell | |
| 260 | |a Englewood Cliffs, N.J. | ||
| 260 | |b Prentice-Hall | ||
| 260 | |c 1963 | ||
| 520 | |a 1. Elementary concepts, 2. Analogies, 3. Circuit equations and properties of solutions, 4. Laplace transform solutions,... | ||
| 650 | |a Electric circuits,Mạch điện | ||
| 904 | |i Nguyễn Quang Điền, Hải | ||
| 980 | |a Trung tâm Học liệu Trường Đại học Cần Thơ | ||